| Tag |
First Indicator |
Second Indicator |
Subfields |
| LEADER |
00000cam a2200000 a 4500 |
| 001 |
in00002339841 |
| 005 |
20151108051003.0 |
| 008 |
070523s2007 enk b 001 0 eng |
| 015 |
|
|
|a GBA743138
|2 bnb
|
| 016 |
7 |
|
|a 013761410
|2 Uk
|
| 020 |
|
|
|a 9780567082572 (pbk.)
|
| 020 |
|
|
|a 0567082571 (pbk.)
|
| 035 |
|
|
|a (OCoLC)ocn141380394
|
| 035 |
|
|
|a (OCoLC)141380394
|
| 040 |
|
|
|a UKM
|c UKM
|d BTCTA
|d BAKER
|d YDXCP
|d C#P
|d UtOrBLW
|
| 049 |
|
|
|a TXAM
|
| 050 |
|
4 |
|a BS521.4
|b .S36 2007
|
| 082 |
0 |
4 |
|a 221.6082
|2 22
|
| 100 |
1 |
|
|a Scholz, Susanne,
|d 1966-
|
| 245 |
1 |
0 |
|a Introducing the women's Hebrew Bible /
|c Susanne Scholz.
|
| 264 |
|
1 |
|a London ;
|a New York :
|b T & T Clark,
|c [2007]
|
| 264 |
|
4 |
|c ©2007
|
| 300 |
|
|
|a 142 pages ;
|c 24 cm.
|
| 336 |
|
|
|a text
|b txt
|2 rdacontent
|
| 337 |
|
|
|a unmediated
|b n
|2 rdamedia
|
| 338 |
|
|
|a volume
|b nc
|2 rdacarrier
|
| 490 |
1 |
|
|a Introductions in feminist theology ;
|v 13
|
| 504 |
|
|
|a Includes bibliographical references (pages [127]-137) and indexes.
|
| 630 |
0 |
0 |
|a Bible.
|p Old Testament
|x Feminist criticism.
|
| 650 |
|
0 |
|a Feminist theology.
|
| 830 |
|
0 |
|a Introductions in feminist theology ;
|v 13.
|
| 938 |
|
|
|a Baker and Taylor
|b BTCP
|n BK0007238413
|
| 938 |
|
|
|a Baker & Taylor
|b BKTY
|c 29.95
|d 29.95
|i 0567082571
|n 0007238413
|s active
|
| 938 |
|
|
|a YBP Library Services
|b YANK
|n 2598856
|
| 945 |
|
|
|a PromptCat
|b 259065
|
| 946 |
|
|
|a stk
|
| 947 |
|
|
|a A14836484792
|
| 948 |
|
|
|a cataloged
|b h
|c 2007/11/8
|d c
|e dmartine
|f 11:20:25 am
|
| 994 |
|
|
|a 92
|b TXA
|
| 999 |
|
|
|a MARS
|
| 999 |
f |
f |
|s 61a356e8-21e3-305c-adbb-768e2272c640
|i 7572418d-b8ad-310a-adf8-f0e4bfd6a140
|t 0
|
| 952 |
f |
f |
|p ric
|a Texas A&M University
|b Rellis Campus
|c Joint Library Facility
|d Remote Storage
|t 0
|e BS521.4 .S36 2007
|h Library of Congress classification
|i unmediated -- volume
|m A14836484792
|
| 998 |
f |
f |
|a BS521.4 .S36 2007
|t 0
|l Remote Storage
|